[Event "NATO-ch 32nd"]
[Site "Tartu"]
[Date "2022.06.30"]
[Round "5"]
[White "Simard, Francois"]
[Black "Wendler, Edward"]
[Result "0-1"]
[WhiteElo "1757"]
[BlackElo "1839"]
[PlyCount "182"]
[EventDate "2022.06.27"]
[EventType "swiss"]
[EventRounds "7"]
[EventCountry "EST"]
[SourceTitle "CBM 209 Extra"]
[Source "ChessBase"]
[SourceDate "2022.09.30"]
[SourceVersion "1"]
[SourceVersionDate "2022.09.30"]
[SourceQuality "1"]

1. d4 d5 2. c4 e6 3. Nc3 Nf6 4. cxd5 exd5 5. Bg5 Be7 6. e3 c6 7. Nf3 h6 8. Bf4 0-0 9. Bd3 Re8 10. Qc2 Nbd7 11. h3 Nf8 12. 0-0 Ne6 13. Be5 Bd6 14. Bxd6 Qxd6 15. Ne5 Nf8 16. Nb1 Re7 17. Nd2 c5 18. Nef3 c4 19. Be2 Rc7 20. Ne5 N6d7 21. Ndf3 f6 22. Ng6 Nxg6 23. Qxg6 Nf8 24. Qh5 Bd7 25. Nh4 g5 26. Nf3 Be8 27. Qg4 h5 28. Qg3 Qxg3 29. fxg3 Re7 30. Kf2 Bg6 31. Rfe1 Rae8 32. Bd1 Ne6 33. Rc1 Kg7 34. Bc2 Bxc2 35. Rxc2 Kg6 36. Rce2 g4 37. Nd2 b5 38. b4 Ng5 39. h4 Ne4+ 40. Nxe4 Rxe4 41. Rc1 R8e6 42. Rc3 Ra6 43. a3 Ra4 44. Ra2 Re6 45. Rc1 Rea6 46. Rca1 Rb6 47. Rb1 Kf5 48. Ke2 a5 49. bxa5 Rxa5 50. Rf1+ Ke6 51. Kd1 b4 52. Raf2 Kf7 53. axb4 Ra1+ 54. Kc2 Rxf1 55. Rxf1 Ke6 56. Ra1 Rxb4 57. Ra6+ Kf5 58. Rd6 Rb5 59. Kc3 Rb3+ 60. Kd2 Rb2+ 61. Kc3 Rxg2 62. Rxd5+ Ke4 63. Rxh5 Rxg3 64. Kxc4 Rxe3 65. Rh8 Kf4 66. d5 g3 67. d6 g2 68. Rg8 Rg3 69. Rxg3 Kxg3 70. d7 g1Q 71. d8Q Qc1+ 72. Kb5 Qb1+ 73. Ka6 Qf1+ 74. Ka5 Qf5+ 75. Ka6 Kxh4 76. Qh8+ Kg4 77. Qg7+ Kf4 78. Qc7+ Qe5 79. Qc1+ Kf5 80. Qc2+ Kg5 81. Qg2+ Kh6 82. Qh3+ Kg6 83. Qg4+ Kf7 84. Qd7+ Qe7 85. Qxe7+ Kxe7 86. Kb5 Kd6 87. Kc4 Ke5 88. Kd3 Kf4 89. Ke2 Kg3 90. Ke1 Kf3 91. Kf1 f5 0-1

[Event "NATO-ch 32nd"]
[Site "Tartu"]
[Date "2022.06.30"]
[Round "6"]
[White "Wendler, Edward"]
[Black "Cheung, Jan W"]
[Result "0-1"]
[WhiteElo "1839"]
[BlackElo "1964"]
[PlyCount "86"]
[EventDate "2022.06.27"]
[EventType "swiss"]
[EventRounds "7"]
[EventCountry "EST"]
[SourceTitle "CBM 209 Extra"]
[Source "ChessBase"]
[SourceDate "2022.09.30"]
[SourceVersion "1"]
[SourceVersionDate "2022.09.30"]
[SourceQuality "1"]

1. e4 c5 2. Nf3 e6 3. d4 cxd4 4. Nxd4 Nc6 5. Nxc6 bxc6 6. Bd3 Nf6 7. 0-0 d5 8. e5 Nd7 9. Re1 Qc7 10. f4 g6 11. c3 Be7 12. Nd2 0-0 13. Nf3 Re8 14. Qc2 Bb7 15. g4 Nc5 16. f5 Nxd3 17. Qxd3 c5 18. f6 Bf8 19. Ng5 h6 20. Qh3 hxg5 21. Bxg5 d4 22. Bh6 Qc6 23. Bxf8 Rxf8 24. cxd4 Qf3 25. Re3 Qxh3 26. Rxh3 cxd4 27. Rb3 Be4 28. Rb4 Rfd8 29. Rd1 g5 30. Rbxd4 Rxd4 31. Rxd4 Bd5 32. a3 Rc8 33. Ra4 Rc4 34. Rxa7 Rxg4+ 35. Kf1 Re4 36. Rc7 Rxe5 37. b4 Re3 38. a4 Rb3 39. b5 Rb4 40. Ra7 Bb3 41. b6 Rxb6 42. Ra5 Bd5 43. Rc5 Kh7 0-1

[Event "NATO-ch 32nd"]
[Site "Tartu"]
[Date "2022.06.29"]
[Round "4"]
[White "Wendler, Edward"]
[Black "Smit, Jan"]
[Result "1-0"]
[WhiteElo "1839"]
[BlackElo "1741"]
[PlyCount "81"]
[EventDate "2022.06.27"]
[EventType "swiss"]
[EventRounds "7"]
[EventCountry "EST"]
[SourceTitle "CBM 209 Extra"]
[Source "ChessBase"]
[SourceDate "2022.09.30"]
[SourceVersion "1"]
[SourceVersionDate "2022.09.30"]
[SourceQuality "1"]

1. e4 g6 2. d4 Bg7 3. Nf3 d6 4. Bc4 Nf6 5. Nc3 c6 6. Bb3 b5 7. a3 a5 8. 0-0 0-0 9. h3 Qc7 10. e5 Nd5 11. Nxd5 cxd5 12. Bxd5 Ra7 13. Bf4 Nc6 14. exd6 exd6 15. Re1 Be6 16. Bxe6 fxe6 17. Bg3 e5 18. dxe5 dxe5 19. Qd5+ Kh8 20. Nxe5 Bxe5 21. Bxe5+ Nxe5 22. Qxe5+ Kg8 23. Qxb5 Qxc2 24. Re2 Qf5 25. Qc4+ Rff7 26. Rae1 Rac7 27. Re8+ Kg7 28. Qd4+ Qf6 29. Qxf6+ Kxf6 30. R1e2 a4 31. R8e4 Ra7 32. Rf4+ Kg7 33. Rxf7+ Kxf7 34. Re4 Kf6 35. f3 h5 36. h4 Kf5 37. Kh2 Ra5 38. Kg3 Kf6 39. Kf4 g5+ 40. hxg5+ Rxg5 41. Re6+ 1-0